Etirement et renforcement musculaire (notice n° 1552545)

détails MARC
000 -LEADER
fixed length control field 01848cam a2200289zu 4500
003 - CONTROL NUMBER IDENTIFIER
control field FRCYB10125125
005 - DATE AND TIME OF LATEST TRANSACTION
control field 20251020123001.0
008 - FIXED-LENGTH DATA ELEMENTS--GENERAL INFORMATION
fixed length control field 251020s2005 fr | o|||||0|0|||fre d
020 ## - INTERNATIONAL STANDARD BOOK NUMBER
International Standard Book Number 9782851806680
035 ## - SYSTEM CONTROL NUMBER
System control number FRCYB10125125
040 ## - CATALOGING SOURCE
Original cataloging agency FR-PaCSA
Language of cataloging fr
Transcribing agency
Description conventions rda
100 1# - MAIN ENTRY--PERSONAL NAME
Personal name Waymel, Thierry
245 01 - TITLE STATEMENT
Title Etirement et renforcement musculaire
Remainder of title 250 exercices d'étirement et de renforcement musculaire
Statement of responsibility, etc. ['Waymel, Thierry', 'Choque, Jacques']
264 #1 - PRODUCTION, PUBLICATION, DISTRIBUTION, MANUFACTURE, AND COPYRIGHT NOTICE
Name of producer, publisher, distributor, manufacturer Editions Amphora
Date of production, publication, distribution, manufacture, or copyright notice 2005
300 ## - PHYSICAL DESCRIPTION
Extent p.
336 ## - CONTENT TYPE
Content type code txt
Source rdacontent
337 ## - MEDIA TYPE
Media type code c
Source rdamdedia
338 ## - CARRIER TYPE
Carrier type code c
Source rdacarrier
520 ## - SUMMARY, ETC.
Summary, etc. Les auteurs proposent 250 exercices, classés par groupes musculaires, qui permettent de s’assouplir et de se muscler, en douceur et sans matériel, dans une optique sportive ou de bien-être. Vendu à 60 000 exemplaires, ce manuel s’affirme chaque année davantage comme une référence incontournable. Cette nouvelle édition, corrigée et proposée en grand format, bénéficie de photographies inédites, d’une nouvelle présentation et d’une nouvelle organisation ; les exercices réalisés à deux sont maintenant regroupés à la fin de chaque partie. Cette édition, encore plus claire et pratique, séduira sans aucun doute un public toujours plus important.Cet ouvrage s’adresse aussi bien aux pratiquants de tous niveaux (débutants ou confirmés) qui pourront progresser facilement, qu’aux professionnels de la forme et aux étudiants qui trouveront un choix multiple de mises en situation répondant à leurs besoins et leurs objectifs.
650 #0 - SUBJECT ADDED ENTRY--TOPICAL TERM
Topical term or geographic name entry element
700 0# - ADDED ENTRY--PERSONAL NAME
Personal name Waymel, Thierry
700 0# - ADDED ENTRY--PERSONAL NAME
Personal name Choque, Jacques
856 40 - ELECTRONIC LOCATION AND ACCESS
Access method Cyberlibris
Uniform Resource Identifier <a href="https://international.scholarvox.com/netsen/book/10125125">https://international.scholarvox.com/netsen/book/10125125</a>
Electronic format type text/html
Host name

Pas d'exemplaire disponible.

PLUDOC

PLUDOC est la plateforme unique et centralisée de gestion des bibliothèques physiques et numériques de Guinée administré par le CEDUST. Elle est la plus grande base de données de ressources documentaires pour les Étudiants, Enseignants chercheurs et Chercheurs de Guinée.

Adresse

627 919 101/664 919 101

25 boulevard du commerce
Kaloum, Conakry, Guinée

Réseaux sociaux

Powered by Netsen Group @ 2025